Statistics for Biggest Airports in China (By Passengers)

Click here to take the quiz!

General Stats

  • This quiz has been taken 232 times
  • The average score is 19 of 25

Answer Stats

City ServedPassengers% Correct
Beijing94,393,414
99%
Shanghai66,002,414
99%
Shanghai40,460,135
99%
Guangzhou59,732,147
96%
Chengdu46,039,037
93%
Shenzhen41,975,090
90%
Xi'an36,994,506
90%
Chongqing35,888,819
88%
Xiamen22,737,610
87%
Wuhan20,771,564
85%
Tianjin16,871,889
84%
Harbin16,267,130
79%
Nanjing22,357,998
78%
Hangzhou31,594,959
76%
Ürümqi20,200,767
76%
Kunming41,980,339
75%
Qingdao20,505,038
73%
Dalian15,258,209
72%
Shenyang14,967,228
69%
Zhengzhou20,763,217
65%
Changsha21,296,675
63%
Jinan11,616,904
49%
Haikou18,803,848
45%
Guiyang15,105,225
31%
Sanya17,369,550
30%

Score Distribution

Percentile by Number Answered

Percent of People with Each Score

Your Score History

You have not taken this quiz